Statistics for Cities With More Than 3 Airport

Click here to take the quiz!

General Stats

  • This quiz has been taken 1,481 times
    (914 since last reset)
  • The average score is 15 of 27

Answer Stats

AirportsCity% Correct
7New York
97%
6London
96%
5Los Angeles
94%
4Paris
92%
4Tokyo
87%
4Moscow
84%
3Chicago
83%
4Miami
75%
4San Francisco
72%
3Baltimore/Washington D.C.
66%
3Toronto
62%
3São Paulo
59%
4Boston
56%
5Seattle
56%
3Milan
55%
3Buenos Aires
46%
3Barcelona
45%
3Osaka
45%
3Philadelphia
44%
3Vancouver
40%
3Orlando
38%
3Manila
34%
4Melbourne
33%
3Tampa
25%
4Stockholm
24%
3Copenhagen
17%
3Kansas City
6%

Score Distribution

Percentile by Number Answered

Percent of People with Each Score

Your Score History

You have not taken this quiz since the last reset